OXFORD HANDBOOK OF POSITIVE PSYCHOLOGY (Record no. 24007)
[ view plain ]
| 000 -LEADER | |
|---|---|
| fixed length control field | 00364nam a2200145Ia 4500 |
| 008 - FIXED-LENGTH DATA ELEMENTS--GENERAL INFORMATION | |
| fixed length control field | 240624s9999 xx 000 0 und d |
| 041 ## - LANGUAGE CODE | |
| Language code of text/sound track or separate title | eng |
| 082 ## - DEWEY DECIMAL CLASSIFICATION NUMBER | |
| Classification number | 150 LOP |
| 100 ## - MAIN ENTRY--PERSONAL NAME | |
| Personal name | LOPEZ SHANE J |
| 245 ## - TITLE STATEMENT | |
| Title | OXFORD HANDBOOK OF POSITIVE PSYCHOLOGY |
| 250 ## - EDITION STATEMENT | |
| Edition statement | (2nd ed.) |
| 260 ## - PUBLICATION, DISTRIBUTION, ETC. | |
| Date of publication, distribution, etc. | 2011 |
| Place of publication, distribution, etc. | USA |
| Name of publisher, distributor, etc. | Oxford University Press USA |
| 300 ## - PHYSICAL DESCRIPTION | |
| Extent | 744 : p. |
| 365 ## - TRADE PRICE | |
| Currency code | |
| Price amount | 30 |
| Withdrawn status | Lost status | Damaged status | Not for loan | Home library | Current library | Shelving location | Date acquired | Source of acquisition | Cost, normal purchase price | Total Checkouts | Full call number | Barcode | Date last seen | Date last checked out | Copy number | Price effective from | Koha item type |
|---|---|---|---|---|---|---|---|---|---|---|---|---|---|---|---|---|---|
| IMTN | IMTN | Rack 2-B | 01/12/2015 | MB | 74.00 | 1 | 150 LOP | 24007 | 08/02/2024 | 07/19/2024 | 66 | 06/24/2024 | Books |